000 00435nam a2200157Ia 4500
008 151213s9999 xx 000 0 und d
100 _aZvi Bdie ,Alex Kane & Alanj Markus
245 _aInvestment
_cZvi Bdie ,Alex Kane & Alanj Markus
250 _a6th
260 _aNew York
_bMc Graw Hill
_c2005
300 _a3338 p.
650 _aFinance
650 _aFinance
700 _aZvi Bdie ,Alex Kane & Alanj Markus
999 _c2264
_d2264